000 00498nam a22001337a 4500
005 20241217082406.0
008 241001b |||||||| |||| 00| 0 eng d
100 _aCanonizado, Isagani Costales.
_eauthor.
_961860
245 _aAng buhay ng retiradong guro /
_cIsagani Costales Canonizado.
260 _aPhilippines:
_bPublishers Association of the Philippines, Inc.,
_cOctober 2018.
300 _aVolume 66, pages 194.
700 _aCanonizado, Isagani Costales.
_eauthor.
_961861
942 _2ddc
_cPER
999 _c22037
_d22037